| 000 | 00721cam a2200229 4500 | ||
|---|---|---|---|
| 001 | 226 | ||
| 005 | 20181127160921.0 | ||
| 008 | 040609s2005 njua b 001 0 eng | ||
| 010 | _a 2004013473 | ||
| 020 | _a013189109X (pbk.) | ||
| 100 | 1 | _aJames, Missy. | |
| 245 | 1 | 0 |
_aReading literature and writing argument / _cMissy James, Alan P. Merickel. |
| 250 | _a2nd ed. | ||
| 260 |
_aUpper Saddle River, N.J. : _bPearson Prentice Hall, _cc2005. |
||
| 300 |
_axviii, 712 p. : _bill. ; _c23 cm. |
||
| 504 | _aIncludes bibliographical references and indexes. | ||
| 650 | 0 | _aCollege readers. | |
| 650 | 0 |
_aEnglish language _xRhetoric. |
|
| 650 | 0 | _aPersuasion (Rhetoric) | |
| 650 | 0 | _aReport writing. | |
| 700 | 1 | _aMerickel, Alan. | |
| 999 |
_c205 _d205 |
||